National Forests of the United States on a Map - Statistics

General Stats
  • This quiz has been taken 2,751 times
    2,687 since last reset
  • The average score is 36 of 154
Answers on the Map
Answers color-coded by a green-red scale on the quiz's map according to % correct below.
 
Answer Stats
National Forests % Correct
George Washington
51%
Sequoia
51%
Ozark
50%
Olympic
49%
White Mountain
47%
Jefferson
46%
Green Mountain
45%
Teton
43%
Sierra
41%
Black Hills
40%
Roosevelt
39%
Superior
39%
Allegheny
38%
Rio Grande
38%
Lincoln
37%
Mount Hood
36%
Shasta
36%
Tahoe
36%
Boise
34%
Cherokee
34%
Lassen
34%
Gila
33%
Daniel Boone
32%
San Juan
32%
Apache
31%
Huron
30%
Klamath
30%
Mark Twain
30%
Angeles
29%
Bighorn
28%
Custer
28%
Gunnison
28%
Inyo
28%
Mount Baker
28%
Ouachita
28%
San Bernardino
28%
Coconino
27%
Humboldt
27%
Trinity
27%
Hoosier
26%
Lewis & Clark
26%
Nez Perce
26%
Salmon
26%
Santa Fe
26%
Shawnee
26%
Shoshone
26%
Wasatch
26%
Arapaho
25%
Bridger
25%
Chattahoochee
25%
Flathead
25%
Monongahela
25%
Nebraska
25%
Pike
25%
Sawtooth
25%
Tongass
25%
Uinta
25%
Cleveland
24%
Coeur D'Alene
24%
Helena
24%
Kootenai
24%
Pisgah
24%
Bitterroot
23%
Davy Crockett
23%
Eldorado
23%
Finger Lakes
23%
Gallatin
23%
Gifford Pinchot
23%
Kaibab
23%
Medicine Bow
23%
Mendocino
23%
Modoc
23%
Sam Houston
23%
Siskiyou
23%
Tonto
23%
Wallowa-Whitman
23%
White River
23%
Dixie
22%
Stanislaus
22%
Willamette
22%
Ashley
21%
Carson
21%
Chippewa
21%
Coronado
21%
Hiawatha
21%
Lolo
21%
Los Padres
21%
Talladega
21%
Wayne
21%
Chugach
20%
Deschutes
20%
Ocala
20%
Plumas
20%
Routt
20%
Snoqualmie
20%
Sumter
20%
Umpqua
20%
Apalachicola
19%
Beaverhead
19%
Caribou
19%
Challis
19%
Ottawa
19%
Prescott
19%
San Isabel
19%
Six Rivers
19%
Uncompahgre
19%
Clearwater
18%
Colville
18%
Fishlake
18%
Grand Mesa
18%
La Sal
18%
Nantahalla
18%
Nicolet
18%
Rogue River
18%
Targhee
18%
Toiyabe
18%
Francis Marion
17%
Fremont
17%
Manistee
17%
Manti
17%
Okanogan
17%
Sabine
17%
Sitgreaves
17%
Angelina
16%
Cache
16%
Deerlodge
16%
Desoto
16%
Oconee
16%
Osceola
16%
Umatilla
16%
Wenatchee
16%
Cibola
15%
Croatan
15%
El Yunque
15%
Malheur
15%
Payette
15%
Saint Joe
15%
Chequamegon
14%
Delta
14%
Kaniksu
14%
Kisatchie
14%
Siuslaw
14%
Tuskegee
14%
Uwharrie
14%
Holly Springs
13%
William B. Bankhead
13%
Winema
13%
Bienville
12%
Ochoco
12%
Tombigbee
12%
Conecuh
11%
Homochitto
11%
Saint Francis
11%
Samuel R. McKelvie
11%
No matching quizzes found
Score Distribution
Percent of People with Each Score
Percentile by Number Answered
Your Score History
You have not taken this quiz since the last reset